Les Aventures de Tintin - Les Bijoux de la Castafiore - Statistiques

Statistiques générales
  • Ce quiz a été pris 600 fois
  • Le résultat moyen est 14 sur 18
Statistiques - réponses
Question Réponse % Correct
Qu'offre la Castafiore au capitaine, à son arrivée à Moulinsart ? Un perroquet
98%
Finalement, qui avait dérobé la pierre précieuse ? Une pie
95%
Quel magazine propose d'interviewer la Castafiore ? Paris-Flash
94%
Que propose le capitaine aux tziganes ? De les héberger sur son terrain
91%
Installée à Moulinsart, quelle cachette la Castafiore choisit-elle pour ses bijoux ? Le tiroir d'une commode de sa chambre
89%
Parmi les bijoux de la Castafiore, quelle pierre a été dérobée ? Une émeraude
86%
De quelle couleur est la rose que le professeur Tournesol a créée ? Blanche
83%
Comment se nomme le marbrier sollicité par le capitaine pour réparer la marche de son escalier ? M. Boullu
83%
Pour quelle raison Igor, le pianiste, s'absentait-il chaque jour ? Pour jouer aux courses
82%
Quel animal était à l'origine des bruits dans le grenier ? Une chouette
82%
Quel objet est retrouvé par la police dans une roulotte des tziganes ? Une paire de ciseaux
80%
Comment se nomme la dernière invention du professeur Tournesol (une télévision couleur) ? Supercolor-Tryphonar
76%
Et comment se nomme le photographe qui l'accompagne ? Walter Rizotto
75%
Comment se nomme le journaliste qui va réaliser l'interview ? Jean-Loup de la Batellerie
72%
Quel magazine, que la Castafiore refuse de recevoir, s'infiltre à Moulinsart pour dérober un cliché ? Tempo di Roma
72%
Qui avait offert cette pierre à la Castafiore ? Le Maharadjah de Gopal
69%
Comment se prénomme la petite fille tzigane perdue dans les bois ? Miarka
63%
Et pour finir : Parmi ces personnages, lequel N'EST PAS tombé dans l'escalier à cause de la marche cassée ? La Castafiore
58%
Aucun quiz correspondant
Distribution des résultats
% des personnes avec chaque résultat
Percentile par nombre de réponses
Votre historique - résultats
Vous n’avez pas pris ce quiz